Statistics for San Antonio Spurs Playoffs Starters

Click here to take the quiz!

General Stats

  • This quiz has been taken 25 times
  • The average score is 28 of 90

Answer Stats

Player % Correct
Tim Duncan
100%
Tony Parker
100%
Manu Ginóbili
100%
Kawhi Leonard
100%
David Robinson
100%
George Gervin
89%
LaMarcus Aldridge
89%
Mike Green
89%
Danny Green
89%
George Johnson
84%
Reggie Johnson
84%
Avery Johnson
84%
DeMar DeRozan
79%
Bruce Bowen
74%
Steve Smith
63%
Charles Smith
63%
Stephen Jackson
63%
Jaren Jackson
63%
Derrick White
63%
Boris Diaw
58%
Rich Jones
58%
Steve Jones
58%
Patty Mills
58%
Dennis Rodman
58%
Robert Horry
58%
Sean Elliott
58%
Alvin Robertson
53%
Pau Gasol
53%
Tiago Splitter
42%
Rudy Gay
42%
Dejounte Murray
37%
Nazr Mohammed
32%
Willie Anderson
32%
Michael Finley
32%
Greg Anderson
32%
Artis Gilmore
32%
Bryn Forbes
32%
Terry Cummings
26%
Vinny Del Negro
26%
Will Perdue
26%
Mario Elie
26%
Samaki Walker
26%
James Silas
26%
George Hill
26%
Simmie Hill
26%
Fabricio Oberto
21%
Jakob Pöltl
21%
Larry Kenon
21%
Gene Moore
16%
Johnny Moore
16%
Antonio Daniels
11%
Mike Mitchell
11%
Roger Mason
11%
Swen Nater
5%
Coby Dietrick
5%
Terry Porter
5%
Cincinnatus Powell
5%
Rasho Nesterović
5%
Richard Jefferson
5%
Frank Brickowski
5%
Rod Strickland
5%
Matt Bonner
5%
Paul Pressey
5%
Donnie Freeman
0%
Antoine Carr
0%
Manny Leaks
0%
George Karl
0%
Wayne Hightower
0%
Joe Hamilton
0%
John Beasley
0%
Ron Boone
0%
Glen Combs
0%
Charles Beasley
0%
Antonio McDyess
0%
John Shumate
0%
Billy Paultz
0%
Mike Gale
0%
Dale Ellis
0%
Paul Griffin
0%
Hedo Türkoğlu
0%
Mark Olberding
0%
Dave Corzine
0%
Gene Banks
0%
Danny Ferry
0%
Marc Iavaroni
0%
Wes Matthews
0%
Dave Greenwood
0%
Jon Sunvold
0%
Elton McGriff
0%
Maurice McHartley
0%

Score Distribution

Percentile by Number Answered

Percent of People with Each Score

Your Score History

You have not taken this quiz